| 000 | 00590nam a2200193 i 4500 | ||
|---|---|---|---|
| 001 | 22241 | ||
| 003 | ES-MaACL | ||
| 005 | 20230906152644.0 | ||
| 007 | t| | ||
| 008 | 021202s1957 sp ||||1| spa d | ||
| 100 | 1 |
_aAlgren, Nelson. _919900 |
|
| 245 | 1 | 0 |
_aCerca del infierno / _cNelson Algren ; [versión española de J.MªC. y D.M.]. |
| 250 | _a[1ª ed.]. | ||
| 260 |
_aBarcelona : _bLuis de Caralt, _c1957 ( _fCasal y Vall) |
||
| 300 |
_a367 p. ; _c20 cm. |
||
| 700 | 1 |
_aCorral, José María de ( _d1889-1971) _940715 |
|
| 700 | 1 |
_aD. M. _942377 |
|
| 852 |
_aES-MaACL _jC-12974 _bR.40442 |
||
| 999 |
_c22241 _d22241 |
||